000 00312 a2200133 4500
000 nam a22 7a 4500
100 _aKazmi, Azhar
110 _aKazmi, Azhar
245 _aStrategic Management
250 _a5th/Latest edition
260 _bMcGraw Hill
_c2021
264 _bMcGraw Hill
_c2021
942 _cBK
999 _c396980
_d396980